Japońskie Marki Samochodów - Statystyki

Ogólne statystyki
  • Ten quiz został rozwiązany 59 razy
  • Średni wynik to 6 z 12
Statystyki odpowiedzi
Hint Odpowiedź % Poprawnych
1 Toyota
93%
2 Honda
85%
5 Mazda
61%
3 Suzuki
59%
6 Mitsubishi
54%
4 Nissan
52%
9 Lexus
50%
7 Subaru
46%
11 Infiniti
35%
10 Acura
33%
8 Daihatsu
24%
12 Daihatsu
24%
Nie znaleziono quizów pasujących do podanych kryteriów
Rozkład punktacji
Procent ludzi z każdym wynikiem
Percentyl według liczby udzielonych odpowiedzi
Twoja historia wyników
Nie rozwiązałeś tego quizu